Obras completas. (Record no. 186729)

MARC details
000 -LEADER
campo de control de longitud fija 01470nam a2200313 i 4500
001 - NÚMERO DE CONTROL
campo de control 186729
003 - IDENTIFICADOR DE NÚMERO DE CONTROL
campo de control SpMaBN
005 - FECHA Y HORA DE LA ÚLTIMA TRANSACCIÓN
campo de control 20231212102048.0
008 - DATOS DE LONGITUD FIJA--INFORMACIÓN GENERAL
campo de control de longitud fija 170209s2011 sp a |||| | spa d
020 ## - NÚMERO INTERNACIONAL ESTÁNDAR DEL LIBRO
Número Internacional Estándar del Libro 978-84-9860-332-3
080 ## - NÚMERO DE LA CLASIFICACIÓN DECIMAL UNIVERSAL
Número de la Clasificación Decimal Universal 81(081) Michelena, Luis
100 1# - ENTRADA PRINCIPAL--NOMBRE DE PERSONA
Nombre de persona Michelena, Luis.
9 (RLIN) 80916
245 10 - MENCIÓN DEL TÍTULO
Título Obras completas.
Número de parte o sección de la obra II,
Nombre de parte o sección de la obra Lingüística general /
Mención de responsabilidad, etc. Luis Michelena ; al cuidado de Joseba A. Lakarra e Íñigo Ruiz Arzalluz.
260 ## - PUBLICACIÓN, DISTRIBUCIÓN, ETC.
Lugar de publicación, distribución, etc. San Sebastián :
Nombre del editor, distribuidor, etc. Seminario de Filología Vasca "Julio de Urquijo" = ;
Lugar de publicación, distribución, etc. Donostia :
Nombre del editor, distribuidor, etc. "Julio de Urkixo" Filologia Mintegia ;
Lugar de publicación, distribución, etc. San Sebastián y Vitoria :
Nombre del editor, distribuidor, etc. Universidad del País Vasco = ;
Lugar de publicación, distribución, etc. Donostia y Gasteiz :
Nombre del editor, distribuidor, etc. Euskal Herriko Unibertsitatea,
Fecha de publicación, distribución, etc. 2011.
300 ## - DESCRIPCIÓN FÍSICA
Extensión 1 v. (296 p.; 1 retr. del autor) ;
Dimensiones 24 cm.
490 1# - MENCIÓN DE SERIE
Mención de serie Anejos del Anuario del Seminario de Filología Vasca "Julio de Urquijo" ;
Designación de volumen o secuencia 55
500 ## - NOTA GENERAL
Nota general Índices.
505 8# - NOTA DE CONTENIDO CON FORMATO
Nota de contenido con formato Contiene: v. 2
546 ## - NOTA DE IDIOMA
Nota de lengua/lenguaje Textos en castellano y vasco.
650 #7 - PUNTO DE ACCESO ADICIONAL DE MATERIA--TÉRMINO DE MATERIA
Término de materia o nombre geográfico como elemento de entrada Lingüística.
9 (RLIN) 14463
700 1# - ENTRADA AGREGADA--NOMBRE PERSONAL
Nombre de persona Lakarra Andrinua, Joseba.
9 (RLIN) 161683
700 1# - ENTRADA AGREGADA--NOMBRE PERSONAL
Nombre de persona Ruiz Arzálluz, Iñigo.
9 (RLIN) 100660
830 0# - PUNTO DE ACCESO ADICIONAL DE SERIE-TÍTULO UNIFORME
Título uniforme Anejos del Anuario del Seminario de Filología Vasca "Julio de Urquijo" ;
Designación de volumen o secuencia 55
9 (RLIN) 225462
852 ## - LOCALIZACIÓN
Ubicación ES-MaACL
Número de control de estantería A-14012
itemnumber 193786
Sublocalización o colección R.151335
Ubicación en estantería Depósito 1
Signatura antigua Olim: N-7012
Donativo/Legado Donacion: Real Academia Española
914 ## - NOMBRE ENTIDAD DE DONANTE
RLIN 6336
Nombre de congreso/reunión o jurisdicción como elemento de entrada Real Academia Española
Unidad subordinada Donante
942 ## - ELEMENTOS DE ENTRADA SECUNDARIOS (KOHA)
Fuente del sistema de clasificación o colocación Clasificación decimal universal
Tipo de ítem Koha Libro impreso
Holdings
Estatus retirado Estado de pérdida Fuente del sistema de clasificación o colocación Estado de daño No para préstamo Biblioteca de origen Biblioteca actual Ubicación en estantería Fecha de adquisición Fuente de adquisición Total de préstamos Signatura topográfica completa Código de barras Visto por última vez Precio de reemplazo Tipo de ítem Koha
    Clasificación decimal universal     Biblioteca del Ateneo de Madrid Biblioteca del Ateneo de Madrid Depósito 1 09/02/2017 Donación   A-14012 1196963 23/02/2023 23/02/2023 Libro impreso